Breaking up fights (Record no. 63408)

MARC details
000 -CABECERA
campo de control de longitud fija 00577nam a2200229 a 4500
005 - FECHA Y HORA DE LA ÚLTIMA TRANSACCIÓN
campo de control 20210219152911.0
008 - ELEMENTOS DE LONGITUD FIJA--INFORMACIÓN GENERAL
campo de control de longitud fija 991125n 000 0 eng u
035 ## - NÚMERO DE CONTROL DEL SISTEMA
Número de control de sistema UPN01000066267
100 ## - ASIENTO PRINCIPAL--NOMBRE PERSONAL
Nombre de persona Moriarty, Anthony
222 ## - TÍTULO CLAVE
Título clave EXECUTIVE EDUCATOR
245 ## - MENCIÓN DE TÍTULO
Título Breaking up fights
300 ## - DESCRIPCIÓN FÍSICA
Extensión 39-40
362 ## - FECHAS DE PUBLICACIÓN Y/O DESIGNACIÓN SECUENCIAL
Fecha de publicación y/o designación secuencial 1992 14, No. 1
505 ## - NOTA DE CONTENIDO CON FORMATO PREESTABLECIDO
Nota de contenido con formato Junio 1992
653 0# - TERMINO DE INDIZACION - NO CONTROLADO
Término no controlado PAUTAS
653 0# - TERMINO DE INDIZACION - NO CONTROLADO
Término no controlado RESPONSABILIDAD DEL ADMINISTRADOR
653 0# - TERMINO DE INDIZACION - NO CONTROLADO
Término no controlado VIOLENCIA
700 ## - ASIENTO SECUNDARIO--NOMBRE DE PERSONAL
Nombre de persona Fleming, Thomas W.
700 ## - ASIENTO SECUNDARIO--NOMBRE DE PERSONAL
Nombre de persona Fitzgerald, Patrick J.
904 ## - ELEMENTOS DE DATOS D LOCAL, LDD (RLIN)
a AC
b 004078
905 ## - TIPO DE MATERIAL
Tipo de material Articulo

No items available.